000 00341nam a2200121Ia 4500
008 191201s2003 xx 000 0 und d
100 _aKUMARI, Sushil Sadwi
245 0 _aHaryana Ki Sant Kavy Parmpra or Swami Barmanand Sarswati Ka Kavy
260 _aN. Delhi
_bAnkor Offsat
_c2003
300 _a368
650 _aGeneral Books
942 _2ddc
_cBK
999 _c712
_d712